Normal view
MARC view
- United States
Entry Geographic Name
001 - CONTROL NUMBER
- control field: 93767
003 - CONTROL NUMBER IDENTIFIER
- control field: NUST
005 - DATE AND TIME OF LATEST TRANSACTION
- control field: 20220719112046.0
008 - FIXED-LENGTH DATA ELEMENTS
- fixed length control field: 220719|| aca||aabn | a|a d
040 ## - CATALOGING SOURCE
- Original cataloging agency: NUST
- Transcribing agency: NUST
151 ## - HEADING--GEOGRAPHIC NAME
- Geographic name: United States
- General subdivision: Emigration and immigration
670 ## - SOURCE DATA FOUND
- Source citation: Work cat.: (NUST)0: Lalami, Laila, 1968- author. 93763, Conditional citizens :
